• 首页
  • 本馆介绍
  • 公告通知
  • 最新文献
  • 馆藏检索
  • 电子资源
  • 读者导购
  • 参考咨询
  • 我的图书馆
  • 登录
  • 详细信息显示
  • 放入我的书架
  • 预约/预借图书
  • 作者相关作品
  • 分类相关作品
  • 丛书相关作品
  • 出版社相关作品

书目信息

  • 表格格式
  • 工作单格式
  • 卡片格式
题名:
复变函数与积分变换
    
 
作者: 李博 主编 ;王琳 , 牟丽君 , 翟发辉 参编
分册:  
出版信息: 北京   化学工业出版社  2018重印
页数: 182页
开本: 24cm
丛书名: 高等学校数理类基础课程“十二五”规划教材
单 册:
中图分类: O174.5 , O177.6
科图分类:
主题词: 复变函数--fu bian han shu--高等学校--教材 , 积分变换--ji fen bian huan--高等学校--教材
电子资源:
ISBN: 978-7-122-23667-8
000 01589nam 2200337 45
001 012001000406
005 20140106084515.0
010    @a978-7-122-23667-8@dCNY28.00
099    @aCAL 012015090494
100    @a20150723d2015 em y0chiy50 ea
101 0  @achi
102    @aCN@b110000
105    @aa a 000yy
106    @ar
200 1  @a复变函数与积分变换@Afu bian han shu yu ji fen bian huan@f李博主编@g王琳, 牟丽君, 翟发辉参编
210    @a北京@c化学工业出版社@d2018重印
215    @a182页@c图@d24cm
225 2  @a高等学校数理类基础课程“十二五”规划教材@Agao deng xue xiao shu li lei ji chu ke cheng “shi er wu ”gui hua jiao cai
320    @a有书目 (第182页)
330    @a本书按教育部高等学校的复变函数与积分变换课程教学大纲要求编写, 知识体系完整, 逻辑性、系统性强, 例题及习题丰富.内容包括复变函数与积分变换两部分, 其中复变函数内容包括复数与复变函数、解析函数、复积分、复级数、留数定理、保形映射; 积分变换内容包括傅里叶 (Fourier) 变换及性质、拉普拉斯 (Laplace) 变换及性质、积分变换的应用.本书每章节都配有适量习题, 每章附有小结和总习题, 习题附有答案, 方便读者自学、归纳和复习.书中附有“*”者, 可供有需要的专业选用。
410  0 @12001@a高等学校数理类基础课程“十二五”规划教材
606 0  @a复变函数@Afu bian han shu@x高等学校@j教材
606 0  @a积分变换@Aji fen bian huan@x高等学校@j教材
690    @aO174.5@v5
690    @aO177.6@v5
701  0 @a李博@ALi Bo@4主编
702  0 @a王琳@AWang Lin@4参编
702  0 @a牟丽君@AMou Lijun@4参编
702  0 @a翟发辉@AZhai Fahui@4参编
801  0 @aCN@b北京卓展文化@c20191020
905    @b1200397-400@dO174.5@e236@f4
    
    复变函数与积分变换/李博主编/王琳, 牟丽君, 翟发辉参编.-北京:化学工业出版社,2018重印
    182页:图;24cm.-(高等学校数理类基础课程“十二五”规划教材)
    
    
    ISBN 978-7-122-23667-8:CNY28.00
    本书按教育部高等学校的复变函数与积分变换课程教学大纲要求编写, 知识体系完整, 逻辑性、系统性强, 例题及习题丰富.内容包括复变函数与积分变换两部分, 其中复变函数内容包括复数与复变函数、解析函数、复积分、复级数、留数定理、保形映射; 积分变换内容包括傅里叶 (Fourier) 变换及性质、拉普拉斯 (Laplace) 变换及性质、积分变换的应用.本书每章节都配有适量习题, 每章附有小结和总习题, 习题附有答案, 方便读者自学、归纳和复习.书中附有“*”者, 可供有需要的专业选用。
●
相关链接 在E读中查询图书 在五车中查询图书 在当当中查询图书 在豆瓣中查询图书


正题名:复变函数与积分变换     索取号:O174.5/236         预约/预借

序号 登录号 条形码 馆藏地/架位号 状态 备注
1 1200397   212003972   第二样本阅览室/ [索取号:O174.5/236] 在馆    
2 1200398   212003981   第三借阅区/ [索取号:O174.5/236] 在馆    
3 1200399   212003990   第三借阅区/ [索取号:O174.5/236] 在馆    
4 1200400   212004007   第三借阅区/ [索取号:O174.5/236] 在馆    
唐山师范学院图书馆 欢迎您!
大连网信软件有限公司© 版权所有